000 00601nam a2200217Ia 4500
003 OSt
005 20220926040006.0
006 a|||||r|||| 00| 0
007 ta
008 220923b |||||||| |||| 00| 0 eng d
037 _cGeneral Book
040 _aRTL
_cRTL
_beng
041 _2eng
_aeng
082 _aX:77.5961.N6, K1
100 _aLamfalussy A.
_9343027
245 0 _aInvestment and growth in mature economies
_b The ca
260 _c1961
650 _aEconomic Development
_917300
942 _hX:77.5961.N6, K1
_cGB
_2CC
999 _c663591
_d663591